书目信息 |
| 题名: |
“飞思卡尔”杯智能汽车竞赛设计与实践
|
|
| 作者: | 蔡述庭 主编 | |
| 分册: | ||
| 出版信息: | 北京 北京航空航天大学出版社 2012.6 |
|
| 页数: | 262页 | |
| 开本: | 24cm | |
| 丛书名: | ||
| 单 册: | ||
| 中图分类: | U462 | |
| 科图分类: | ||
| 主题词: | 汽车--模型(体育)--设计 | |
| 电子资源: | ||
| ISBN: | 978-7-5124-0809-8 | |
| 000 | 00978nam 2200253 45 | |
| 001 | 1355766811 | |
| 005 | 20130515174316.46 | |
| 010 | @a978-7-5124-0809-8@dCNY35.00 | |
| 100 | @a20130108d2012 em y0chiy0121 ea | |
| 101 | 0 | @achi |
| 102 | @aCN@b110000 | |
| 105 | @aak a 000yy | |
| 106 | @ar | |
| 200 | 1 | @a“飞思卡尔”杯智能汽车竞赛设计与实践@A“ Fei Si Ka Er” Bei Zhi Neng Qi Che Jing Sai She Ji Yu Shi Jian@e基于S12XS和Kinetis K10@EJi Yu S12XS He Kinetis K10@f蔡述庭主编@FCai Shu Ting Zhu Bian |
| 210 | @a北京@c北京航空航天大学出版社@d2012.6 | |
| 215 | @a262页@c图@d24cm | |
| 320 | @a有书目 (第261-262页) | |
| 330 | @a本书讲述飞思卡尔16位处理器MC9S12XS128和基于ARM Cortex-M4内核的Kinetis K10系列处理器的智能汽车竞赛软硬件设计。 | |
| 517 | 1 | @a基于S12XS和Kinetis K10@AJi Yu S12XS He Kinetis K10 |
| 606 | 0 | @a汽车@x模型(体育)@x设计 |
| 690 | @aU462@v5 | |
| 701 | 0 | @a蔡述庭@ACai Shu Ting@4主编 |
| 801 | @aCN@bTANGWEI@c20130112 | |
| 905 | @b0832619-23@dU462@e215@f5 | |
| “飞思卡尔”杯智能汽车竞赛设计与实践:基于S12XS和Kinetis K10/蔡述庭主编.-北京:北京航空航天大学出版社,2012.6 |
| 262页:图;24cm |
| ISBN 978-7-5124-0809-8:CNY35.00 |
| 本书讲述飞思卡尔16位处理器MC9S12XS128和基于ARM Cortex-M4内核的Kinetis K10系列处理器的智能汽车竞赛软硬件设计。 |
| ● |
| 相关链接 |
|
|
|
|
正题名:"飞思卡尔"杯智能汽车竞赛设计与实践
索取号:U462/215
 
预约/预借
| 序号 | 登录号 | 条形码 | 馆藏地/架位号 | 状态 | 备注 |
| 1 | 0832619 | 208326195 | 第二样本阅览室/ [索取号:U462/215] | 在馆 | |
| 2 | 0832620 | 208326202 | 第三借阅区/ [索取号:U462/215] | 在馆 | |
| 3 | 0832621 | 208326211 | 第三借阅区/ [索取号:U462/215] | 在馆 | |
| 4 | 0832622 | 208326220 | 第三借阅区/ [索取号:U462/215] | 在馆 | |
| 5 | 0832623 | 208326239 | 第三借阅区/ [索取号:U462/215] | 在馆 |